| 000 | 00643nam a22001937a 4500 | ||
|---|---|---|---|
| 003 | 0 | ||
| 005 | 20260113155746.0 | ||
| 008 | 260113b xxu||||| |||| 00| 0 eng d | ||
| 020 | _a978-1-78312-423-7 | ||
| 082 |
_aREF 920.02 _bWo899 2018 |
||
| 100 | _aWoodward, Kay | ||
| 245 |
_aStand up, stand out : _b25 rebel heroes who stood up for their beliefs - and how they could inspire you _cKay Woodward |
||
| 260 |
_aLondon : _bCarlton Books Limited, _c2018. |
||
| 300 |
_a112 pages : _bcolored illustrations ; _c26 cm. |
||
| 504 | _aIncludes index. | ||
| 650 |
_aHeroes _xBiography _vJuvenile literature. |
||
| 650 | _aHistory. | ||
| 942 |
_2ddc _cBK |
||
| 999 |
_c368699 _d368699 |
||